| 000 | 01296nam a22002297a 4500 | ||
|---|---|---|---|
| 999 |
_c57324 _d57324 |
||
| 003 | Ge_BSU | ||
| 005 | 20200521123631.0 | ||
| 008 | 200521s2018 xxu||||| |||| 00| 0 geo d | ||
| 020 | _a9789941956751 | ||
| 041 | _ageo | ||
| 080 | _a347.962(479.22) მ-30 | ||
| 245 |
_aმართლმსაჯულების ხელმისაწვდომობის ევროპული სამართლის სახელმძღვანელო / _cმთარგმნელი ლაშა ლურსმანაშვილი ; სამეცნიერო რედ. კახაბერ გოშაძე. |
||
| 264 |
_aთბილისი, _c2018. |
||
| 300 |
_a290 გვ. ; _c 20 სმ. |
||
| 504 | _aბიბლიოგრაფია: გვ. 269-281 | ||
| 653 | _aმართლმსაჯულება საქართველოში | ||
| 653 | _aსამართალი | ||
| 700 |
_aლურსმანაშვილი, ლაშა _eმთარგმნელი _98138 |
||
| 700 |
_aგოშაძე, კახაბერ _eრედაქტორი _98139 |
||
| 856 |
_uhttp://lawlibrary.info/ge/books/2018giz-ge-access_to_justice.pdf _yელექტრონული ვერსია |
||
| 942 |
_2udc _cBK |
||